1954 1947 1651 1610 1661 1033 1743 1968 1074 1823 1978 1018 1296 1022 1561 1790 1572 1196 1219 1502 1341 1606 1088 1032 1670 1088 1986 1740 1528 1298 1532 1603 1824 1327 1606 1923 1366 1030 1101 1616 1919 1419 1812 1185 1921 1429 1571 1557 1831 1437 1714 1383 1888 1533 1477 1761 1853 1298 1339 1004 1967 1713 1465 1932 1153 1732 1728 1947 1530 1605 1629 1401 1546 1147 1183 1145 1585 1687 1127 1345 1987 1148 1193 1329 1576 1729 1299 1688 1830 1730 1987 1163 1734 1621 1468 1142 1043 1168 1386 BCNSPRNW ULIB Ver.6.0+V

เปลี่ยนเป็นภาษาไทย

Change to English
 แสดงรายละเอียดบรรณานุกรม
  กลับหน้าหลัก

Brief Record : Get Marc (ISO 2709) : E-mail record : QR code < ปิดหน้าต่าง
LEADER : 00000nam 2200000uu 4500
001    13399112660
003     ULIB
008    110830s2545||||th 000 0 tha d
020    9747509601
050  4 JF1001^bค123พ 2545
245 00 พระราชบัญญัติประกอบรัฐธรรมนูญว่าด้วยคณะกรรมการการเลือกตั้งพ.ศ. 2541 พระราชบัญญัติประกอบรัฐธรรมนูญว่าด้วยการเลือกตั้งสมาชิกสภาผู้แทนราษฏรและสมาชิกวุฒิสมาชิกวุฒิสภา พ.ศ. 2541 แก้ไขเพิ่มเติม (ฉบับที่ 2) พ.ศ. 2542 และ (ฉบับที่ 3) พ.ศ. 2543 พระราชบัญญัติประกอบรัฐธรรมนูญว่าด้วยพรรคการเมือง พ.ศ.2541 /^cกองกรรมาธิการสภาผู้แทนราษฏร คณะกรรมการการเลือกตั้ง
246 30 พระราชบัญญัติประกอบรัฐธรรมนูญว่าด้วยการเลือกตั้งสมาชิกสภาผู้แทนราษฏรและสมาชิกวุฒิสมาชิกวุฒิสภา พ.ศ. 2541 แก้ไขเพิ่มเติม (ฉบับที่ 2) พ.ศ. 2542 และ (ฉบับที่ 3) พ.ศ. 2543
246 30 พระราชบัญญัติประกอบรัฐธรรมนูญว่าด้วยพรรคการเมือง พ.ศ. 2541
250    พิมพ์ครั้งที่ 1
260    กรุงเทพฯ :^bสำนักงานคณะกรรมการการเลือกตั้ง,^c2545
300    [5], 158 หน้า ;^c21 ซม
650  4 กฎหมายรัฐธรรมนูญ^zไทย
650  4 คณะกรรมการการเลือกตั้ง^vกฎหมายและระเบียบข้อบังคับ
650  4 พรรคการเมือง^vกฎหมายและระเบียบข้อบังคับ
650  4 วุฒิสมาชิก^xการเลือกตั้ง^vกฎหมายและระเบียบข้อบังคับ
650  4 สมาชิกสภาผู้แทนราษฏร^xการเลือกตั้ง^vกฎหมายและระเบียบข้อบังคับ
651  7 ไทย^xกฎหมายประกอบรัฐธรรมนูญ
710 2  สำนักงานคณะกรรมการการเลือกตั้ง
710 2  คณะกรรมการการเลือกตั้ง. ^bกองกรรมาธิการสภาผู้แทนราษฏร
945    ^p0^l0^i015146
995    ทศพร
999 ^a ทศพร
รายการนี้ยังไม่มีแท็ก
คุณยังไม่ได้ล็อกอิน คุณสามารถมีกิจกรรมร่วมกับเว็บไซต์ได้ แต่ต้องล็อกอินก่อน ::
  ล็อกอิน

รายการสื่อสารสนเทศ

ลำดับที่ ประเภท เลขเรียก/บาร์โค้ด สถานที่ สถานะ
- ไม่พบข้อมูล -

BibComment


ยังไม่เคยถูกคอมเมนท์

คอมเมนท์ทรัพยากรรายการนี้
  คอมเมนท์: พระราชบัญญัติประก..


 Copyright 2026. Bcnsprnw @Library